| 000 | 00475 a2200169 4500 | ||
|---|---|---|---|
| 005 | 20250614084021.0 | ||
| 020 | _a978-0-07-303022-7 | ||
| 082 | _a519.5 LIN | ||
| 100 | _aLIND, A. D. | ||
| 245 | _aStatistical Techniques in Business & Economics | ||
| 250 | _a13th Ed. | ||
| 260 |
_aBoston _bMcGraw-Hill Irwin _c2008. |
||
| 300 |
_axvii,859p.:ill.;pictures, tables _bAppendix and Index _c27cm |
||
| 700 | _aWilliam G. Marchal | ||
| 700 | _aSamuel A. Wathen | ||
| 942 |
_2ddc _cBKS |
||
| 999 |
_c4031 _d4031 |
||